[Event "Rottach Egern Seniors Cup 13th"]
[Site "Rottach Egern"]
[Date "2025.04.03"]
[Round "6"]
[White "Basener, Wolfgang"]
[Black "Jahn, Constanze"]
[Result "0-1"]
[WhiteElo "1799"]
[BlackElo "2028"]
[PlyCount "82"]
[EventDate "2025.03.29"]
[EventType "swiss"]
[EventRounds "9"]
[EventCountry "GER"]
[SourceTitle "CB16_2025"]
[SourceDate "2025.04.16"]
[SourceVersion "1"]
[SourceVersionDate "2025.04.16"]
[SourceQuality "1"]

1. c4 e5 2. Nc3 Nf6 3. g3 Nc6 4. Bg2 Bc5 5. Nf3 d6 6. Na4 e4 7. Nxc5 exf3 8. Bxf3 dxc5 9. Bxc6+ bxc6 10. d3 0-0 11. h4 Re8 12. Be3 Rb8 13. b3 Qe7 14. Qd2 Qe5 15. 0-0 Bf5 16. Rfe1 Ng4 17. Bf4 Qd4 18. e4 Bd7 19. Kg2 Ne5 20. Rad1 Bg4 21. Bxe5 Rxe5 22. f3 Bd7 23. Qa5 Rc8 24. Rd2 Re7 25. f4 f6 26. Kf3 h5 27. Re3 Bg4+ 28. Kf2 Rd8 29. Rc2 Bd1 30. Rd2 Rxe4 31. dxe4 Qxd2+ 32. Qxd2 Rxd2+ 33. Ke1 Rd7 34. e5 Bg4 35. a4 Kf7 36. exf6 gxf6 37. Kf2 Rd4 38. Ke1 Bf5 39. Ke2 Re4 40. Rxe4 Bxe4 41. Kd2 a5 0-1

[Event "WchT Seniors 50"]
[Site "Krakow"]
[Date "2024.07.10"]
[Round "8.4"]
[White "Jahn, Constanze"]
[Black "Kozma, Edit"]
[Result "1/2-1/2"]
[WhiteElo "2051"]
[BlackElo "1859"]
[PlyCount "163"]
[EventDate "2024.07.02"]
[EventType "team-swiss"]
[EventRounds "9"]
[EventCountry "POL"]
[SourceTitle "CBM 221 Extra"]
[Source "ChessBase"]
[SourceDate "2024.09.30"]
[SourceVersion "1"]
[SourceVersionDate "2024.09.30"]
[SourceQuality "1"]
[WhiteTeam "Germany 50 (W)"]
[BlackTeam "Hungary 50 (W)"]
[WhiteTeamCountry "GER"]
[BlackTeamCountry "HUN"]

1. e4 c5 2. Nc3 d6 3. f4 Nc6 4. Nf3 Nf6 5. Bc4 e6 6. 0-0 Be7 7. d3 0-0 8. Bb3 a6 9. a4 Bd7 10. Qe2 Nd4 11. Nxd4 cxd4 12. Nd1 e5 13. f5 Kh8 14. Nf2 h6 15. Bd2 Bc6 16. Ng4 Nxg4 17. Qxg4 Bf6 18. Rf3 Bg5 19. Bxg5 Qxg5 20. Qxg5 hxg5 21. Rh3+ Kg8 22. Rg3 b5 23. axb5 axb5 24. Rf1 Rfd8 25. Rxg5 d5 26. f6 g6 27. Rxe5 dxe4 28. Re7 Bd5 29. Bxd5 Rxd5 30. Rxe4 Ra2 31. Re8+ Kh7 32. Re7 Kg8 33. Rc7 Rxb2 34. Re1 Rd8 35. Ree7 Rf8 36. Red7 Rb4 37. Kf2 Ra4 38. Kf3 Ra6 39. Rxd4 Rxf6+ 40. Rf4 Rb6 41. g4 b4 42. g5 b3 43. cxb3 Rxb3 44. Rd4 Rb5 45. h4 f6 46. gxf6 Rxf6+ 47. Ke3 Re6+ 48. Kd2 Rb8 49. Rdd7 Rbe8 50. Kc3 Rf6 51. Rg7+ Kf8 52. Rh7 Kg8 53. Rcg7+ Kf8 54. Rh8+ Kxg7 55. Rxe8 Kh6 56. Re4 g5 57. hxg5+ Kxg5 58. d4 Rc6+ 59. Kd3 Kf6 60. Re1 Re6 61. Rf1+ Ke7 62. Ra1 Rb6 63. Kc4 Rc6+ 64. Kd5 Rd6+ 65. Kc5 Rh6 66. Ra7+ Kd8 67. d5 Kc8 68. Re7 Kd8 69. Rg7 Rf6 70. Rh7 Rg6 71. Rf7 Rh6 72. Rg7 Rf6 73. Rg8+ Kd7 74. Rh8 Rg6 75. Rh5 Kd8 76. Rh7 Rf6 77. Kd4 Rg6 78. Ke5 Ra6 79. Rh5 Kd7 80. Rg5 Ke8 81. d6 Ra5+ 82. Kf6 1/2-1/2

[Event "Rottach Egern Seniors Cup 12th"]
[Site "Rottach Egern"]
[Date "2024.04.07"]
[Round "2"]
[White "Winnig, Bernd"]
[Black "Jahn, Constanze"]
[Result "1/2-1/2"]
[WhiteElo "1912"]
[BlackElo "2042"]
[PlyCount "22"]
[EventDate "2024.04.06"]
[EventType "swiss"]
[EventRounds "9"]
[EventCountry "GER"]
[SourceTitle "CBM 219 Extra"]
[Source "ChessBase"]
[SourceDate "2024.05.31"]
[SourceVersion "1"]
[SourceVersionDate "2024.05.31"]
[SourceQuality "1"]

1. d4 Nf6 2. c4 e6 3. g3 d5 4. Bg2 c6 5. Qc2 Be7 6. Nf3 0-0 7. 0-0 b6 8. Nbd2 Ba6 9. b3 Nbd7 10. e4 dxe4 11. Nxe4 Nxe4 1/2-1/2

[Event "BL2 Ost 2122 (Women)"]
[Site "Germany"]
[Date "2022.04.09"]
[Round "6.3"]
[White "Reuter, Elisa"]
[Black "Jahn, Constanze"]
[Result "0-1"]
[WhiteElo "1881"]
[BlackElo "2031"]
[PlyCount "46"]
[EventDate "2021.11.27"]
[EventType "team-tourn"]
[EventRounds "7"]
[EventCountry "GER"]
[SourceTitle "EXT 2023"]
[Source "ChessBase"]
[SourceDate "2022.10.05"]
[SourceVersion "1"]
[SourceVersionDate "2022.10.05"]
[SourceQuality "1"]
[WhiteTeam "Medizin Erfurt (W)"]
[BlackTeam "Rotation Pankow (W)"]
[WhiteTeamCountry "GER"]
[BlackTeamCountry "GER"]

1. e4 c5 2. Nf3 e6 3. d4 cxd4 4. Nxd4 Nc6 5. Nc3 Qc7 6. Be3 a6 7. Be2 Nf6 8. 0-0 Bb4 9. f3 Ne7 10. Qd3 d5 11. Nb3 Bd7 12. exd5 Nfxd5 13. Nxd5 Nxd5 14. Bd2 Bd6 15. g3 h5 16. c4 Nf6 17. Bc3 Bxg3 18. hxg3 Qxg3+ 19. Kh1 Ng4 20. Be5 Nxe5 21. Qd6 Rh6 22. Bd3 Qh4+ 23. Kg1 Nxd3 0-1

[Event "Rottach Egern Seniors Cup 10th"]
[Site "Rottach Egern"]
[Date "2022.04.01"]
[Round "7"]
[White "Stierle, Martin"]
[Black "Jahn, Constanze"]
[Result "1/2-1/2"]
[WhiteElo "1879"]
[BlackElo "2040"]
[PlyCount "23"]
[EventDate "2022.03.26"]
[EventType "swiss"]
[EventRounds "9"]
[EventCountry "GER"]
[SourceTitle "CBM 207 Extra"]
[Source "ChessBase"]
[SourceDate "2022.05.31"]
[SourceVersion "1"]
[SourceVersionDate "2022.05.31"]
[SourceQuality "1"]

1. d4 b5 2. e4 Bb7 3. Bxb5 Bxe4 4. Nf3 c6 5. Ba4 Qa5+ 6. Nc3 Nf6 7. 0-0 Bxf3 8. Qxf3 e6 9. a3 a6 10. b4 Qb6 11. Qd3 d5 12. Bg5 1/2-1/2

[Event "Rottach Egern Seniors Cup 10th"]
[Site "Rottach Egern"]
[Date "2022.03.30"]
[Round "5"]
[White "Zilch, Lothar"]
[Black "Jahn, Constanze"]
[Result "1/2-1/2"]
[WhiteElo "1887"]
[BlackElo "2040"]
[PlyCount "26"]
[EventDate "2022.03.26"]
[EventType "swiss"]
[EventRounds "9"]
[EventCountry "GER"]
[SourceTitle "CBM 207 Extra"]
[Source "ChessBase"]
[SourceDate "2022.05.31"]
[SourceVersion "1"]
[SourceVersionDate "2022.05.31"]
[SourceQuality "1"]

1. c4 Nf6 2. Nc3 e6 3. e4 d6 4. d4 Be7 5. f4 c5 6. d5 exd5 7. exd5 Bf5 8. Bd3 Qd7 9. Nf3 Na6 10. a3 0-0 11. 0-0 Rfe8 12. Qd2 Bxd3 13. Qxd3 Bd8 1/2-1/2

[Event "BL 1819 (Women)"]
[Site "Germany"]
[Date "2019.02.10"]
[Round "8.2"]
[White "Jahn, Constanze"]
[Black "Antolak, Julia"]
[Result "0-1"]
[WhiteElo "2084"]
[BlackElo "2240"]
[PlyCount "132"]
[EventDate "2018.10.27"]
[EventType "team-tourn"]
[EventRounds "11"]
[EventCountry "GER"]
[SourceTitle "CBM 189 Extra"]
[Source "ChessBase"]
[SourceDate "2019.05.31"]
[SourceVersion "1"]
[SourceVersionDate "2019.05.31"]
[SourceQuality "1"]
[WhiteTeam "Pankow Rotation (W)"]
[BlackTeam "Harksheide (W)"]
[WhiteTeamCountry "GER"]
[BlackTeamCountry "GER"]

1. e4 c5 2. c3 d5 3. exd5 Qxd5 4. d4 Nc6 5. Nf3 Bf5 6. Be2 cxd4 7. cxd4 Bxb1 8. Rxb1 e6 9. a3 Be7 10. 0-0 Bf6 11. Be3 Nge7 12. Qa4 0-0 13. Rfd1 a6 14. b4 Rfd8 15. g4 h6 16. Qc2 Rac8 17. Qd3 b5 18. Rbc1 Qd6 19. Qe4 Ng6 20. Rc5 Nce7 21. Rdc1 Qd7 22. Ne5 Bxe5 23. dxe5 Nd5 24. Rxc8 Rxc8 25. Rxc8+ Qxc8 26. Qd4 Qc2 27. Bd3 Qd1+ 28. Bf1 Qb1 29. g5 hxg5 30. Bxg5 Qf5 31. h4 Nxe5 32. Bg2 Nf3+ 33. Bxf3 Qxf3 34. Be3 Qf5 35. Bd2 Qf3 36. Be3 Nxe3 37. fxe3 Qd5 38. Qb6 Qd3 39. Qxa6 Qxe3+ 40. Kg2 Qe2+ 41. Kg3 f5 42. Qc8+ Kh7 43. h5 Qxh5 44. Qxe6 Qg6+ 45. Qxg6+ Kxg6 46. a4 bxa4 47. b5 a3 48. b6 a2 49. b7 a1Q 50. b8Q Qg1+ 51. Kf3 Qf1+ 52. Kg3 f4+ 53. Kh2 Qf2+ 54. Kh1 Qf3+ 55. Kh2 Qh5+ 56. Kg1 Qg5+ 57. Kh1 Kh7 58. Qb7 Qh4+ 59. Kg1 Qg4+ 60. Kh1 f3 61. Qb1+ Qg6 62. Qb2 Qg2+ 63. Qxg2 fxg2+ 64. Kxg2 Kg6 65. Kf3 Kf5 66. Kg3 Kg5 0-1

[Event "BL 1819 (Women)"]
[Site "Germany"]
[Date "2018.11.17"]
[Round "3.1"]
[White "Jahn, Constanze"]
[Black "Georgescu, Lena"]
[Result "1/2-1/2"]
[WhiteElo "2084"]
[BlackElo "2142"]
[PlyCount "52"]
[EventDate "2018.10.27"]
[EventType "team-tourn"]
[EventRounds "11"]
[EventCountry "GER"]
[SourceTitle "CBM 188 Extra"]
[Source "ChessBase"]
[SourceDate "2019.02.28"]
[SourceVersion "1"]
[SourceVersionDate "2019.02.28"]
[SourceQuality "1"]
[WhiteTeam "Pankow Rotation (W)"]
[BlackTeam "Karlsruhe (W)"]
[WhiteTeamCountry "GER"]
[BlackTeamCountry "GER"]

1. e4 c5 2. c3 d5 3. exd5 Nf6 4. d4 Nxd5 5. Nf3 cxd4 6. Bc4 Nc6 7. Nxd4 e6 8. Nxc6 bxc6 9. 0-0 Be7 10. Qh5 0-0 11. Nd2 Qc7 12. Ne4 Rb8 13. Bb3 c5 14. c4 Nf4 15. Qf3 Ng6 16. Qe2 Bb7 17. Bc2 Qc6 18. f3 f5 19. Nc3 Bf6 20. Ba4 Qd6 21. Rd1 Bd4+ 22. Kh1 a6 23. Be3 e5 24. b4 Qc7 25. Bxd4 cxd4 26. Nd5 Qd6 1/2-1/2

[Event "BL 1819 (Women)"]
[Site "Germany"]
[Date "2018.10.27"]
[Round "1.2"]
[White "Jahn, Constanze"]
[Black "Theissl Pokorna, Regina"]
[Result "0-1"]
[WhiteElo "2084"]
[BlackElo "2306"]
[PlyCount "86"]
[EventDate "2018.10.27"]
[EventType "team-tourn"]
[EventRounds "11"]
[EventCountry "GER"]
[SourceTitle "CBM 188 Extra"]
[Source "ChessBase"]
[SourceDate "2019.02.28"]
[SourceVersion "1"]
[SourceVersionDate "2019.02.28"]
[SourceQuality "1"]
[WhiteTeam "Pankow Rotation (W)"]
[BlackTeam "Rodewisch (W)"]
[WhiteTeamCountry "GER"]
[BlackTeamCountry "GER"]

1. e4 e5 2. Nf3 Nc6 3. Bc4 Bc5 4. c3 d6 5. 0-0 Nf6 6. b4 Bb6 7. a4 a5 8. b5 Ne7 9. d3 Ng6 10. Be3 Bxe3 11. fxe3 0-0 12. Ra2 c6 13. bxc6 bxc6 14. Rb2 d5 15. exd5 cxd5 16. Bb5 Qc7 17. h3 h6 18. c4 Be6 19. Rc2 dxc4 20. Bxc4 Qb6 21. Qc1 Rfd8 22. Na3 Nd5 23. Bxd5 Bxd5 24. Ne1 Qb4 25. Nc4 Rab8 26. Qa1 e4 27. Ne5 Nxe5 28. Qxe5 Bb3 29. Rc3 Re8 30. Qc7 Rbc8 31. Qxc8 Rxc8 32. Rxc8+ Kh7 33. dxe4 Qxa4 34. Nf3 Qxe4 35. Rc3 a4 36. Nd2 Qb4 37. Rfc1 Be6 38. Nb1 Bf5 39. Nd2 a3 40. e4 a2 41. Nb3 Bxe4 42. Rc4 Qb6+ 43. Kh2 Bd5 0-1

[Event "BL2 Ost 1718 (Women)"]
[Site "Germany"]
[Date "2018.01.27"]
[Round "4.2"]
[White "Beltz, Franziska"]
[Black "Jahn, Constanze"]
[Result "1-0"]
[WhiteElo "2046"]
[BlackElo "2110"]
[PlyCount "93"]
[EventDate "2017.10.14"]
[EventType "team-tourn"]
[EventRounds "7"]
[EventCountry "GER"]
[SourceTitle "EXT 2019"]
[Source "ChessBase"]
[SourceDate "2018.10.10"]
[SourceVersion "1"]
[SourceVersionDate "2018.10.10"]
[SourceQuality "1"]
[WhiteTeam "Leipzig SG (W)"]
[BlackTeam "Pankow Rotation (W)"]
[WhiteTeamCountry "GER"]
[BlackTeamCountry "GER"]

1. e4 c5 2. Nf3 e6 3. d4 cxd4 4. Nxd4 Nc6 5. Nc3 Qc7 6. Be3 a6 7. Bd3 Nf6 8. 0-0 Ne5 9. h3 Nc4 10. Bc1 Bb4 11. Nce2 Ne5 12. f4 Nxd3 13. cxd3 Bc5 14. Kh1 d5 15. e5 Nd7 16. a3 Qb6 17. Nf3 a5 18. Nc3 g6 19. Ng5 h6 20. Nf3 Be7 21. d4 Qc6 22. a4 b6 23. Rf2 Ba6 24. Rc2 Rc8 25. b3 Bb4 26. Bb2 0-0 27. Rac1 Qb7 28. Qd2 Kg7 29. Qe3 Bxc3 30. Rxc3 b5 31. axb5 Qxb5 32. Rxc8 Rxc8 33. Rxc8 Bxc8 34. Qc3 Ba6 35. Ba3 Qf1+ 36. Kh2 Qb5 37. Be7 a4 38. bxa4 Qxa4 39. Qc7 Bf1 40. Qd8 Qc2 41. Nh4 Qf2 42. Qxd7 Qxf4+ 43. Kh1 Bxg2+ 44. Nxg2 Qf1+ 45. Kh2 g5 46. Bf6+ Kg6 47. Qe8 1-0